| 000 | 02159nam a2200217Ia 4500 | ||
|---|---|---|---|
| 001 | 21754 | ||
| 005 | 20260407123709.0 | ||
| 008 | 260320s9999||||xx |||||||||||||| ||und|| | ||
| 041 | _aESP | ||
| 082 |
_aHR 340 SET 2025 _bQUORUM |
||
| 110 | _aEstudio Muñiz | ||
| 245 | 0 |
_aQUORUM : _buna revista del Estudio Muñiz |
|
| 260 |
_aArequipa : _bEstudio Muñiz _c2025 |
||
| 300 |
_a32 páginas : _bfotografías ; _c29 cm. |
||
| 505 | _aN° 36 (2025) CONTENIDO - Marco Zegarra Díaz. Sede Arequipa Contratos temporales en colegios privados: ¿legalidad o abuso? - Eduardo Hurtado Salas. Sede Arequipa Una medida correctiva necesaria, dentro de la convivencia escolar - Melch Núñez Vera. Sede Arequipa Compliance en datos personales en el sector educativo - María Casaperalta Ortega. Sede Arequipa La vulneración del derecho a la educación como contravención frente al interés superior del niño - Paolo Delgado Flores Sede Arequipa Medidas legales aplicables por colegios ante impago de pensiones educativas - Diana Machaca Mamani. Sede Arequipa La desnaturalización laboral al amparo de la Ley Universitaria N.° 30220 - Tatiana Pinazo Cárdenas Sede Arequipa Sanción y educación: ¿Dónde está el límite constitucional? - Ximena Moreno Mendoza Sede Arequipa La inscripción registral como requisito de validez institucional educativa privada - Wilmer Cortez Napan Sede Arequipa Tributación educativa: Oportunidades, contingencias y recomendaciones para las instituciones educativas - Samuel Flores Marca Sede Juliaca La educación inclusiva en Perú: Desafíos legales y normativos - Colegio San José Karla Alarcón Concha Autor Invitado Educar en Derechos Humanos en las Escuelas - Colegio Domingo Savio Manuel Mamani Huanca Autor Invitado Educación en la Era Digital: La innovación como imperativo y desafío - Colegio Anglo Americano Prescott Fernando Salas Heresi Autor Invitado Comprometidos con una Educación de Excelencia y sin Fines de Lucro | ||
| 650 | _aCIS | ||
| 653 | _aDerecho - Revista | ||
| 654 | _aCDE | ||
| 856 |
_uhttps://app-vlex-com.ucsp.lookproxy.com/ _zVéase además: Base de datos Vlex |
||
| 942 |
_cREV _dJUS _fMAT _2ddc |
||
| 999 |
_c21754 _d21754 |
||